Génocide : Anatomie d'un crime (notice n° 1568506)

détails MARC
000 -LEADER
fixed length control field 01649cam a2200133 4500500
005 - DATE AND TIME OF LATEST TRANSACTION
control field 20251214004406.0
041 ## - LANGUAGE CODE
Language code of text/sound track or separate title fre
042 ## - AUTHENTICATION CODE
Authentication code dc
100 10 - MAIN ENTRY--PERSONAL NAME
Personal name Ternon, Yves
Relator term author
245 00 - TITLE STATEMENT
Title Génocide : Anatomie d'un crime
260 ## - PUBLICATION, DISTRIBUTION, ETC.
Name of publisher, distributor, etc. Armand Colin,<br/>
Date of publication, distribution, etc. 2016.<br/>
520 ## - SUMMARY, ETC.
Summary, etc. Génocide. Ce néologisme, créé par Rafael Lemkin en 1943 pour signifier la destruction des Juifs d’Europe, assassinés pour ce qu’ils étaient, n’appartient hélas pas au passé. Avant la Shoah, le monde avait été témoin du génocide des Arméniens en 1915 ; plus près de nous, en 1994, les Tutsi furent également les victimes de ces destructions de masse. Yves Ternon s’est consacré depuis les années 1960 à l’étude de la médecine allemande sous le national-socialisme. Il est depuis devenu un historien de premier plan sur la question du crime de génocide. Cet ouvrage, qui constitue la synthèse de ses recherches sur la question, est consacré dans un premier temps à « décortiquer » les sources idéologiques, juridiques et historiques ; dans un second temps, aux paramètres ayant conduit à leur application visant à la destruction du peuple arménien de l’Empire ottoman, des Juifs d’Europe et des Tutsi du Rwanda. La préface de l’historienne Annette Becker revient sur le parcours d’Yves Ternon, parcours ayant abouti à cette réflexion autour de la genèse du racisme biologique et du crime de génocide. Une réflexion nécessaire à l’heure où le monde est de nouveau plongé dans d’autres formes de violences.
856 41 - ELECTRONIC LOCATION AND ACCESS
Uniform Resource Identifier <a href="https://shs.cairn.info/genocide--9782200614423?lang=fr&redirect-ssocas=7080">https://shs.cairn.info/genocide--9782200614423?lang=fr&redirect-ssocas=7080</a>

Pas d'exemplaire disponible.

PLUDOC

PLUDOC est la plateforme unique et centralisée de gestion des bibliothèques physiques et numériques de Guinée administré par le CEDUST. Elle est la plus grande base de données de ressources documentaires pour les Étudiants, Enseignants chercheurs et Chercheurs de Guinée.

Adresse

627 919 101/664 919 101

25 boulevard du commerce
Kaloum, Conakry, Guinée

Réseaux sociaux

Powered by Netsen Group @ 2025